00233nam a22000977a 4500008004100000041000800041080001000049100000600059101001200065245005800077180607b xxu||||| |||| 00| 0 eng d aeng a043.3 a0 aSHKI-MA aSecurity and Privacy in Cloud ComputingcTredhaku, Sh